1913 1334 1409 1790 1490 1388 1120 1393 1346 1987 1456 1715 1674 1402 1101 1830 1210 1083 1314 1205 1604 1632 1770 1400 1106 1649 1062 1164 1865 1036 1569 1980 1029 1398 1935 1148 1197 1262 1806 1082 1049 1475 1094 1848 1204 1926 1750 1552 1967 1123 1554 1440 1051 1718 1365 1769 1531 1526 1883 1585 1257 1860 1415 1788 1362 1283 1183 1667 1426 1091 1184 1205 1104 1341 1105 1073 1437 1370 1345 1233 1069 1622 1239 1487 1673 1456 1440 1573 1393 1531 1841 1860 1537 1128 1388 1588 1878 1709 1498 BCNSPRNW ULIB Ver.6.0+V

เปลี่ยนเป็นภาษาไทย

Change to English
 แสดงรายละเอียดบรรณานุกรม
  กลับหน้าหลัก

Brief Record : Get Marc (ISO 2709) : E-mail record : QR code < ปิดหน้าต่าง
LEADER : 00000nam 2200000uu 4500
001    13399109139
003     ULIB
008    110322s2549||||th 000 0 tha d
020    9749417402
060  4 WA292^bส293ค 2549
245 00 คัมภีร์กู้ชีวิต =^bFire rescue & EMS manual /^cโดยสมาคมการดับเพลิงและช่วยชีวิต FARA
246 14 คัมภีร์กู้ชีวิต :^bคู่มือการดับไฟ กู้ภัย กู้ชีพ มาตราฐานFARA-FS Certified และ APFF
246 31 Fire rescue & EMS manual
260    กรุงเทพฯ :^bสมาคมการดับเพลิงและช่วยชีวิต,^c2549
300    176 หน้า :^bภาพประกอบ ;^c29 ซม.
650  7 การป้องกันอัคคีภัย
650  7 อัคคีภัย
710 2  สมาคมการดับเพลิงและช่วยชีวิต
945    ^p250^l0^i020515
945    ^p250^l0^i020514
995    ทศพร
999 ^a ใช้งานได้ทุกระบบ
รายการนี้ยังไม่มีแท็ก
คุณยังไม่ได้ล็อกอิน คุณสามารถมีกิจกรรมร่วมกับเว็บไซต์ได้ แต่ต้องล็อกอินก่อน ::
  ล็อกอิน

รายการสื่อสารสนเทศ

ลำดับที่ ประเภท เลขเรียก/บาร์โค้ด สถานที่ สถานะ
- ไม่พบข้อมูล -

รายการใกล้เคียง
    หัวเรื่อง [การป้องกันอัคคีภัย]
    หัวเรื่อง [อัคคีภัย]

BibComment


ยังไม่เคยถูกคอมเมนท์

คอมเมนท์ทรัพยากรรายการนี้
  คอมเมนท์: คัมภีร์กู้ชีวิต ..


 Copyright 2026. Bcnsprnw @Library